[Event "Quebec op"]
[Site "Montreal CAN"]
[Date "2004.07.21"]
[Round "5"]
[White "Masse, Hugues"]
[Black "Lawson, Eric"]
[Result "0-1"]
[WhiteElo "2143"]
[BlackElo "2276"]
[PlyCount "92"]
[GameId "2160767911095084"]
[EventDate "2004.07.17"]
[EventType "swiss"]
[EventRounds "9"]
[EventCountry "CAN"]
[SourceTitle "CBM 101 Extra"]
[Source "ChessBase"]
[SourceDate "2004.09.01"]
[SourceVersion "2"]
[SourceVersionDate "2004.09.01"]
[SourceQuality "1"]

1. d4 Nf6 2. c4 c5 3. d5 b5 4. Nf3 bxc4 5. Nc3 d6 6. e4 Nbd7 7. Bxc4 g6 8. O-O Bg7 9. Bg5 h6 10. Bf4 Ng4 11. Qd2 Nge5 12. Nxe5 Nxe5 13. Be2 Qa5 14. Bg3 Ba6 15. f4 Nd7 16. Bxa6 Qxa6 17. Rfe1 O-O 18. Kh1 Rab8 19. e5 c4 20. b3 Nc5 21. Qd4 Nd3 22. Re3 g5 23. fxg5 hxg5 24. Qxc4 Qxc4 25. bxc4 Nxe5 26. Bxe5 Bxe5 27. Rae1 Rfc8 28. Nb5 Rb7 29. Ra3 Rxc4 30. Nxa7 Rc5 31. Nc6 Rxd5 32. Nxe5 Rxe5 33. Ra1 f6 34. Rb3 Rxb3 35. axb3 Rb5 36. Rb1 Kf7 37. Kg1 d5 38. Kf2 Rb4 39. Ke3 e5 40. Kd3 Ke6 41. Kc3 Rb8 42. b4 d4+ 43. Kc4 Rc8+ 44. Kb5 d3 45. Ka6 e4 46. b5 d2 0-1

[Event "Quebec op"]
[Site "Montreal CAN"]
[Date "2004.07.21"]
[Round "5"]
[White "McDonough, Jonathan"]
[Black "Lapshun, Yury"]
[Result "1/2-1/2"]
[WhiteElo "2184"]
[BlackElo "2444"]
[PlyCount "135"]
[GameId "2160767911095085"]
[EventDate "2004.07.17"]
[EventType "swiss"]
[EventRounds "9"]
[EventCountry "CAN"]
[SourceTitle "CBM 101 Extra"]
[Source "ChessBase"]
[SourceDate "2004.09.01"]
[SourceVersion "2"]
[SourceVersionDate "2004.09.01"]
[SourceQuality "1"]

1. d4 g6 2. g3 Bg7 3. Bg2 Nf6 4. Nf3 O-O 5. O-O d6 6. c4 c6 7. Nc3 Qa5 8. e4 Qh5 9. e5 dxe5 10. Nxe5 Qxd1 11. Rxd1 Nbd7 12. Nxd7 Bxd7 13. h3 Rfe8 14. Be3 e5 15. dxe5 Rxe5 16. Rac1 h5 17. h4 Bg4 18. Re1 Rae8 19. Bd2 Nd7 20. Ne4 R8e6 21. Nd6 Rxe1+ 22. Rxe1 Rxe1+ 23. Bxe1 Bxb2 24. Nxb7 Ne5 25. Bb4 Be2 26. Bc5 a6 27. Na5 Nd3 28. Be3 Ne5 29. Nxc6 Nxc6 30. Bxc6 Bxc4 31. a4 Kg7 32. Bg5 f6 33. Bd2 Kf7 34. Be4 Bd4 35. Kg2 Be2 36. Bb4 Bb6 37. Bd5+ Kg7 38. a5 Bd4 39. Bd2 Be5 40. Kg1 Kf8 41. Bb4+ Ke8 42. Be4 Kf7 43. Bd5+ Kg7 44. Bd2 Bd3 45. Kg2 Be2 46. Kg1 Bc7 47. Bc3 Bd6 48. Kg2 Be7 49. Be4 Kh6 50. Bd2+ g5 51. Bf5 Kg7 52. f3 Bc4 53. g4 hxg4 54. fxg4 gxh4 55. Kh3 Bc5 56. Kxh4 Bf2+ 57. Kh3 Bf1+ 58. Kh2 Bh4 59. Kg1 Be2 60. Kg2 Kf7 61. Bb4 Ke8 62. Bc5 Be1 63. Bb6 Kf7 64. Kh3 Kg7 65. Bd8 Kf7 66. Bb6 Bc4 67. Kg2 Be2 68. Kh3 1/2-1/2

[Event "Quebec op"]
[Site "Montreal CAN"]
[Date "2004.07.21"]
[Round "5"]
[White "Mikanovic, Goran"]
[Black "Barsov, Alexei"]
[Result "1/2-1/2"]
[WhiteElo "2278"]
[BlackElo "2497"]
[PlyCount "24"]
[GameId "2160767911095086"]
[EventDate "2004.07.17"]
[EventType "swiss"]
[EventRounds "9"]
[EventCountry "CAN"]
[SourceTitle "CBM 101 Extra"]
[Source "ChessBase"]
[SourceDate "2004.09.01"]
[SourceVersion "2"]
[SourceVersionDate "2004.09.01"]
[SourceQuality "1"]

1. d4 Nf6 2. c4 e6 3. Nc3 Bb4 4. Qc2 c5 5. dxc5 O-O 6. a3 Bxc5 7. Nf3 b6 8. Bg5 h6 9. Bh4 Bb7 10. e4 Be7 11. Be2 Nh5 12. Bxe7 Qxe7 1/2-1/2

[Event "Quebec op"]
[Site "Montreal CAN"]
[Date "2004.07.21"]
[Round "5"]
[White "Sullivan, Neil"]
[Black "Voskanyan, Vahagn"]
[Result "1/2-1/2"]
[WhiteElo "2092"]
[BlackElo "2271"]
[PlyCount "111"]
[GameId "2160767911095089"]
[EventDate "2004.07.17"]
[EventType "swiss"]
[EventRounds "9"]
[EventCountry "CAN"]
[SourceTitle "CBM 101 Extra"]
[Source "ChessBase"]
[SourceDate "2004.09.01"]
[SourceVersion "2"]
[SourceVersionDate "2004.09.01"]
[SourceQuality "1"]

1. e4 d5 2. exd5 Nf6 3. d4 Nxd5 4. Nf3 Bg4 5. Be2 e6 6. O-O Be7 7. c4 Nb6 8. b3 Nc6 9. Be3 O-O 10. Nbd2 Bf5 11. Nb1 Bf6 12. Qd2 Qe7 13. Rd1 Rfd8 14. h3 h6 15. Nc3 Rd7 16. c5 Nd5 17. Bb5 Rad8 18. Bxc6 bxc6 19. Bf4 Nb4 20. Be5 Bxe5 21. Nxe5 Rxd4 22. Qe3 Rxd1+ 23. Rxd1 Rxd1+ 24. Nxd1 Nd5 25. Qd4 Qg5 26. Kh2 Bb1 27. Nxc6 Nf4 28. g3 Ne2 29. Qd7 Kh7 30. Ne7 Qxc5 31. Qd8 h5 32. Qg8+ Kh6 33. Qxf7 Qe5 34. Ne3 Nxg3 35. fxg3 Qxe3 36. Ng8+ Kg5 37. Qxg7+ Kf5 38. Qf7+ Ke4 39. Qxe6+ Kf3 40. Qf7+ Ke2 41. Qxh5+ Ke1 42. Qa5+ Kf1 43. Qa6+ Ke1 44. Qa5+ Kd1 45. Qd5+ Kc1 46. Qg2 Qe6 47. Qf1+ Kb2 48. Qf2+ Ka1 49. Qd4+ Kxa2 50. Qxa7+ Kxb3 51. Qb7+ Ka2 52. Qa7+ Kb2 53. Qb7+ Ka1 54. Qa7+ Ba2 55. Qd4+ Kb1 56. Nf6 1/2-1/2

[Event "Quebec op"]
[Site "Montreal CAN"]
[Date "2004.07.21"]
[Round "6"]
[White "Bolduc, Steve"]
[Black "Singher, Jean-Pierre"]
[Result "1-0"]
[WhiteElo "2145"]
[BlackElo "1935"]
[PlyCount "87"]
[GameId "2160767911095090"]
[EventDate "2004.07.17"]
[EventType "swiss"]
[EventRounds "9"]
[EventCountry "CAN"]
[SourceTitle "CBM 101 Extra"]
[Source "ChessBase"]
[SourceDate "2004.09.01"]
[SourceVersion "2"]
[SourceVersionDate "2004.09.01"]
[SourceQuality "1"]

1. d4 Nf6 2. c4 e6 3. Nc3 d5 4. Nf3 Be7 5. Bg5 Nbd7 6. e3 O-O 7. Rc1 c6 8. Bd3 b6 9. O-O Bb7 10. Re1 Re8 11. Qc2 Nf8 12. e4 dxc4 13. Bxc4 N6d7 14. Bf4 Ng6 15. Bg3 Nf6 16. Rcd1 Qc8 17. Ne5 Bb4 18. Qb3 Bxc3 19. bxc3 Nh5 20. Nxg6 Nxg3 21. Nf4 g5 22. hxg3 gxf4 23. gxf4 b5 24. Bf1 a6 25. c4 Qc7 26. Qg3+ Kh8 27. Qg5 Qd8 28. Qxd8 Rexd8 29. f3 Rd6 30. c5 Rd7 31. Kf2 Rad8 32. Ke3 f6 33. Rd2 Re7 34. g4 Kg7 35. f5 e5 36. dxe5 Rxd2 37. exf6+ Kxf6 38. Kxd2 Re5 39. Rc1 h5 40. gxh5 Bc8 41. Bh3 Kg5 42. Ke3 Kxh5 43. Bg4+ Kh4 44. Kf4 1-0

[Event "Quebec op"]
[Site "Montreal CAN"]
[Date "2004.07.21"]
[Round "6"]
[White "Boutin, Andre"]
[Black "Grenier, Jean-Pierre"]
[Result "0-1"]
[WhiteElo "1472"]
[BlackElo "1559"]
[PlyCount "98"]
[GameId "2160767911095091"]
[EventDate "2004.07.17"]
[EventType "swiss"]
[EventRounds "9"]
[EventCountry "CAN"]
[SourceTitle "EXT 2009"]
[Source "ChessBase"]
[SourceDate "2008.11.26"]
[SourceVersion "1"]
[SourceVersionDate "2008.11.26"]
[SourceQuality "1"]

1. d4 d5 2. c4 e6 3. Nf3 Nc6 4. Bg5 Nge7 5. e3 h6 6. Bh4 g5 7. Bg3 Nf5 8. Ne5 Nxe5 9. Bxe5 f6 10. Bg3 h5 11. h3 Nxg3 12. fxg3 dxc4 13. Qa4+ c6 14. Qxc4 Qd6 15. Qe2 Qxg3+ 16. Qf2 Bd6 17. Qxg3 Bxg3+ 18. Kd2 e5 19. dxe5 Bxe5 20. Nc3 Be6 21. Bd3 O-O-O 22. Kc2 b5 23. a3 a5 24. Rhd1 a4 25. Rd2 Bb3+ 26. Kc1 Bxc3 27. Bf5+ Kc7 28. bxc3 Rxd2 29. Kxd2 Rd8+ 30. Ke1 Kd6 31. Rb1 Re8 32. Kd2 Ke5 33. Bg6 Rd8+ 34. Ke2 h4 35. Bd3 f5 36. Rf1 Rxd3 37. Rc1 Ke4 38. Kf2 Rd2+ 39. Kf1 Bc4+ 40. Kg1 Kxe3 41. Re1+ Re2 42. Rd1 Bd3 43. Rc1 Be4 44. Rd1 Rxg2+ 45. Kf1 Rd2 46. Re1+ Kf3 47. Rc1 Rh2 48. Kg1 Kg3 49. Rd1 Rh1# 0-1

[Event "Quebec op"]
[Site "Montreal CAN"]
[Date "2004.07.21"]
[Round "6"]
[White "Burnett, Ronald"]
[Black "Barsov, Alexei"]
[Result "1/2-1/2"]
[WhiteElo "2430"]
[BlackElo "2507"]
[PlyCount "90"]
[GameId "2160767911095092"]
[EventDate "2004.07.17"]
[EventType "swiss"]
[EventRounds "9"]
[EventCountry "CAN"]
[SourceTitle "CBM 101 Extra"]
[Source "ChessBase"]
[SourceDate "2004.09.01"]
[SourceVersion "2"]
[SourceVersionDate "2004.09.01"]
[SourceQuality "1"]

1. e4 e6 2. d4 d5 3. e5 c5 4. c3 Nc6 5. Nf3 Bd7 6. Be2 Rc8 7. O-O a6 8. Be3 Qb6 9. Qb3 Qxb3 10. axb3 cxd4 11. cxd4 Nge7 12. Nc3 Nf5 13. Rfc1 f6 14. exf6 gxf6 15. Na4 Nxe3 16. fxe3 Bh6 17. Kf2 Ke7 18. Nb6 Rcd8 19. b4 Nxb4 20. Rc7 Kd6 21. Rxb7 Bxe3+ 22. Kf1 Bc6 23. Nc4+ dxc4 24. Rxb4 Rb8 25. Rxc4 Rb6 26. Rc3 Bxf3 27. Rxe3 Bxe2+ 28. Rxe2 Rc8 29. Rf2 f5 30. g3 Rc4 31. Rd2 Rcb4 32. Ra2 Kd5 33. Ra5+ R4b5 34. Ra2 Rb4 35. Ra5+ R6b5 36. Rxa6 Rxb2 37. Re2 Rxe2 38. Kxe2 Rb2+ 39. Ke3 Rxh2 40. Ra5+ Kd6 41. Ra7 Rh6 42. Kf3 Kd5 43. Rd7+ Kc4 44. Rd6 Rg6 45. Kf2 Rg4 1/2-1/2

[Event "Quebec op"]
[Site "Montreal CAN"]
[Date "2004.07.21"]
[Round "6"]
[White "Caire, Francois"]
[Black "Castaneda, Nelson"]
[Result "0-1"]
[WhiteElo "2126"]
[BlackElo "2258"]
[PlyCount "108"]
[GameId "2160767911095093"]
[EventDate "2004.07.17"]
[EventType "swiss"]
[EventRounds "9"]
[EventCountry "CAN"]

1. d4 d5 2. Nf3 Nf6 3. c4 e6 4. Nc3 Be7 5. Qc2 Nbd7 6. Bg5 h6 7. Bh4 O-O 8. cxd5 exd5 9. e3 b6 10. Bd3 Bb7 11. O-O-O c5 12. Bf5 a6 13. Kb1 c4 14. g4 Ne8 15. Bxe7 Qxe7 16. g5 h5 17. Bxd7 Qxd7 18. g6 fxg6 19. Ne5 Qf5 20. f4 g5 21. Ng6 Qxc2+ 22. Kxc2 Rf6 23. Ne7+ Kf7 24. Nexd5 gxf4 25. Nxf6 Nxf6 26. Rhe1 f3 27. e4 g5 28. d5 Rd8 29. Kd2 Ng4 30. h4 Kg6 31. Rf1 Rf8 32. hxg5 Kxg5 33. Rg1 Kf4 34. Rdf1 b5 35. a3 Rf6 36. Rh1 Rh6 37. Rh3 Ne5 38. Rhxf3+ Nxf3+ 39. Ke2 Ke5 40. Kxf3 Bc8 41. Kg3 h4+ 42. Kh2 Rf6 43. Rg1 Rf2+ 44. Kh1 Rxb2 45. Rg8 Bh3 46. Re8+ Kd4 47. Nd1 Bg2+ 48. Kg1 Bxe4 49. Nxb2 c3 50. Nd3 Kxd3 51. d6 c2 52. Rc8 Bf5 53. Rc5 Kd2 54. Rd5+ Kc3 0-1

[Event "Quebec op"]
[Site "Montreal CAN"]
[Date "2004.07.21"]
[Round "6"]
[White "Feoktistov, Dmitri"]
[Black "Wilkin, Alain"]
[Result "1-0"]
[WhiteElo "2239"]
[BlackElo "2049"]
[PlyCount "78"]
[GameId "2160767911095094"]
[EventDate "2004.07.17"]
[EventType "swiss"]
[EventRounds "9"]
[EventCountry "CAN"]
[SourceTitle "CBM 101 Extra"]
[Source "ChessBase"]
[SourceDate "2004.09.01"]
[SourceVersion "2"]
[SourceVersionDate "2004.09.01"]
[SourceQuality "1"]

1. d4 Nf6 2. c4 g6 3. Nc3 Bg7 4. e4 d6 5. f3 O-O 6. Be3 e5 7. Nge2 Nc6 8. Qd2 exd4 9. Nxd4 Nd7 10. O-O-O Nde5 11. h3 Nxd4 12. Bxd4 Be6 13. f4 Bh6 14. Nd5 c6 15. Be3 cxd5 16. exd5 Nxc4 17. Bxc4 Bd7 18. Kb1 b5 19. Bd3 Bg7 20. g4 a5 21. g5 b4 22. f5 gxf5 23. Rhf1 a4 24. Bxf5 Bxf5+ 25. Rxf5 b3 26. Bd4 bxa2+ 27. Ka1 Bxd4 28. Qxd4 a3 29. b3 Rb8 30. Kxa2 Qc8 31. Qd3 Re8 32. Rxf7 Re2+ 33. Qxe2 Kxf7 34. Re1 Kg7 35. Qe7+ Kg8 36. Qe6+ Kg7 37. Qxc8 Rxc8 38. Re6 Rc3 39. h4 Rh3 1-0

[Event "Quebec op"]
[Site "Montreal CAN"]
[Date "2004.07.21"]
[Round "6"]
[White "Gilman, Arkadiy"]
[Black "Gagnon, Michel"]
[Result "1-0"]
[WhiteElo "2237"]
[BlackElo "2113"]
[PlyCount "93"]
[GameId "2160767911095095"]
[EventDate "2004.07.17"]
[EventType "swiss"]
[EventRounds "9"]
[EventCountry "CAN"]
[SourceTitle "CBM 101 Extra"]
[Source "ChessBase"]
[SourceDate "2004.09.01"]
[SourceVersion "2"]
[SourceVersionDate "2004.09.01"]
[SourceQuality "1"]

1. d4 d5 2. c4 e6 3. Nc3 Nf6 4. Bg5 Be7 5. e3 O-O 6. Nf3 h6 7. Bh4 Ne4 8. Bxe7 Qxe7 9. Rc1 Nxc3 10. Rxc3 c6 11. Qc2 Nd7 12. a3 dxc4 13. Bxc4 e5 14. O-O e4 15. Nd2 Nf6 16. Ba2 Bf5 17. f4 Rad8 18. Rc5 g6 19. Rc1 Rfe8 20. Re5 Qc7 21. Nf1 Qb6 22. b4 Kg7 23. Ng3 Ng4 24. Nxf5+ gxf5 25. Rxf5 Nxe3 26. Rxf7+ Kh8 27. Qc3 Qxd4 28. Rxb7 Nf5+ 29. Qxd4+ Nxd4 30. Kf1 e3 31. Bc4 Re4 32. g3 Nf3 33. Ke2 Nxh2 34. Bd3 Red4 35. Rc3 Ng4 36. Re7 Nf6 37. Re6 Kg7 38. Rexc6 R8d7 39. Rb3 Re7 40. Rc5 Rd6 41. Re5 Rc7 42. Rxe3 h5 43. Re5 Kh6 44. Bf5 Nd5 45. Kf3 Nc3 46. Rc5 Nd5 47. Rd3 1-0

[Event "Quebec op"]
[Site "Montreal CAN"]
[Date "2004.07.21"]
[Round "6"]
[White "Jean, Robert"]
[Black "Pilotte, Benoit"]
[Result "0-1"]
[WhiteElo "1670"]
[BlackElo "1793"]
[PlyCount "60"]
[GameId "2160767911095096"]
[EventDate "2004.07.17"]
[EventType "swiss"]
[EventRounds "9"]
[EventCountry "CAN"]
[SourceTitle "EXT 2009"]
[Source "ChessBase"]
[SourceDate "2008.11.26"]
[SourceVersion "1"]
[SourceVersionDate "2008.11.26"]
[SourceQuality "1"]

1. d4 Nf6 2. c4 e5 3. dxe5 Ng4 4. Nf3 Nc6 5. e3 Ngxe5 6. Be2 Nxf3+ 7. Bxf3 Ne5 8. Be2 d6 9. Nc3 Qh4 10. g3 Qd8 11. f4 Nc6 12. O-O Bh3 13. Rf2 Qd7 14. Bf3 O-O-O 15. Nb5 Kb8 16. Qb3 Na5 17. Qa3 b6 18. b4 d5 19. Rd2 c6 20. Bxd5 cxd5 21. Rxd5 Qc8 22. Qd3 Bxb4 23. Bb2 f6 24. Rd1 Rxd5 25. Qxd5 Qxc4 26. Be5+ fxe5 27. Qxe5+ Kc8 28. Nxa7+ Kb7 29. Qxg7+ Ka6 30. Qxh8 Qe2 0-1

[Event "Quebec op"]
[Site "Montreal CAN"]
[Date "2004.07.21"]
[Round "6"]
[White "Libersan, Thierry"]
[Black "Voloaca, Mihnea"]
[Result "0-1"]
[WhiteElo "2016"]
[BlackElo "2206"]
[PlyCount "58"]
[GameId "2160767911095097"]
[EventDate "2004.07.17"]
[EventType "swiss"]
[EventRounds "9"]
[EventCountry "CAN"]

1. e4 e5 2. Nf3 Nc6 3. Bb5 a6 4. Ba4 Nf6 5. O-O b5 6. Bb3 Bc5 7. c3 d6 8. d4 Bb6 9. a4 Bg4 10. Be3 O-O 11. axb5 exd4 12. Bg5 Ne5 13. cxd4 Nxf3+ 14. gxf3 Bh3 15. Re1 h6 16. Bh4 g5 17. Bg3 axb5 18. Rxa8 Qxa8 19. Qd3 Nh5 20. e5 Ng7 21. exd6 cxd6 22. Nc3 Nf5 23. Ne4 Bxd4 24. Nxd6 Rd8 25. Qxb5 Nxd6 26. Bxd6 Qxf3 27. Re8+ Kg7 28. Bf8+ Kg6 29. Qa6+ f6 0-1

[Event "Quebec op"]
[Site "Montreal CAN"]
[Date "2004.07.21"]
[Round "6"]
[White "Luksza, Arkadiusz"]
[Black "Audet-Bouchard, Nicolas"]
[Result "1/2-1/2"]
[WhiteElo "2231"]
[BlackElo "2079"]
[PlyCount "133"]
[GameId "2160767911095098"]
[EventDate "2004.07.17"]
[EventType "swiss"]
[EventRounds "9"]
[EventCountry "CAN"]
[SourceTitle "CBM 101 Extra"]
[Source "ChessBase"]
[SourceDate "2004.09.01"]
[SourceVersion "2"]
[SourceVersionDate "2004.09.01"]
[SourceQuality "1"]

1. d4 Nf6 2. c4 e6 3. Nc3 Bb4 4. Qc2 d5 5. cxd5 Qxd5 6. Nf3 Qf5 7. Qxf5 exf5 8. a3 Be7 9. g3 c6 10. Bg2 Nbd7 11. O-O Nb6 12. Ne5 Nfd5 13. Nxd5 Nxd5 14. b4 Be6 15. Bd2 O-O 16. Nd3 Rad8 17. Nc5 Bc8 18. Rfc1 Rfe8 19. e3 Bf8 20. Rc2 Nf6 21. a4 Ne4 22. Be1 Nxc5 23. bxc5 Be6 24. Rb2 Re7 25. Rab1 Rdd7 26. h4 g6 27. Bf3 h6 28. Be2 g5 29. f3 f4 30. gxf4 gxf4 31. e4 Rxd4 32. a5 Rdd7 33. h5 Bg7 34. Rb4 Bd4+ 35. Bf2 Bc3 36. Ra4 Rd2 37. Bf1 a6 38. Rc1 Be5 39. Rb1 Red7 40. Rab4 Rd1 41. Rxd1 Rxd1 42. Kg2 Rd7 43. Rb1 f6 44. Kh2 Bf7 45. Be1 Bxh5 46. Bh3 Rc7 47. Rb3 Kf7 48. Rd3 Ke7 49. Bc3 Bxc3 50. Rxc3 Bf7 51. Rc1 Be6 52. Rg1 Kf7 53. Bxe6+ Kxe6 54. Rg6 Rd7 55. Rxh6 Rd2+ 56. Kh3 Ra2 57. Rh7 Rxa5 58. Rxb7 Rxc5 59. Kg4 a5 60. Kxf4 a4 61. Ra7 Rc4 62. Ra8 Rb4 63. Re8+ Kd6 64. Ra8 Kc7 65. Kf5 c5 66. Kxf6 c4 67. Rh8 1/2-1/2

[Event "Quebec op"]
[Site "Montreal CAN"]
[Date "2004.07.21"]
[Round "6"]
[White "Patterson, Roger"]
[Black "Marcone, Malcom"]
[Result "1-0"]
[WhiteElo "2236"]
[BlackElo "2010"]
[PlyCount "61"]
[GameId "2160767911095099"]
[EventDate "2004.07.17"]
[EventType "swiss"]
[EventRounds "9"]
[EventCountry "CAN"]

1. e4 e6 2. d4 d5 3. Nc3 Bb4 4. e5 Qd7 5. h4 b6 6. h5 h6 7. Rh3 a5 8. Nf3 a4 9. Rg3 Kf8 10. Bd2 a3 11. b3 Ne7 12. Nh4 Ba6 13. Qf3 Bxf1 14. Kxf1 c5 15. dxc5 bxc5 16. Re1 Nbc6 17. Kg1 Nd4 18. Qd3 Nef5 19. Nxf5 Nxf5 20. Rg4 Nd4 21. Na4 Bxd2 22. Qxd2 Qb5 23. Nxc5 Qxc5 24. Rxd4 Rc8 25. c4 Ke7 26. cxd5 exd5 27. Rxd5 Rcd8 28. Rd6 Rc8 29. Rd7+ Ke6 30. Qd3 Qc3 31. Qd6+ 1-0

[Event "Quebec op"]
[Site "Montreal CAN"]
[Date "2004.07.21"]
[Round "6"]
[White "Pepin, Christian"]
[Black "Plante, Michel"]
[Result "1-0"]
[WhiteElo "2156"]
[BlackElo "2009"]
[PlyCount "53"]
[GameId "2160767911095100"]
[EventDate "2004.07.17"]
[EventType "swiss"]
[EventRounds "9"]
[EventCountry "CAN"]
[SourceTitle "CBM 101 Extra"]
[Source "ChessBase"]
[SourceDate "2004.09.01"]
[SourceVersion "2"]
[SourceVersionDate "2004.09.01"]
[SourceQuality "1"]

1. e4 d6 2. d4 Nf6 3. Nc3 g6 4. Nf3 Bg7 5. Be2 O-O 6. Bf4 a6 7. O-O b5 8. a3 Bb7 9. Nd2 Nc6 10. Be3 e5 11. dxe5 Nxe5 12. g4 d5 13. f4 Nexg4 14. Bc5 Ne3 15. Bxe3 d4 16. e5 Nh5 17. Bxh5 dxe3 18. Bf3 Bxe5 19. fxe5 Qg5+ 20. Kh1 Rad8 21. Bxb7 Rxd2 22. Qf3 Qxe5 23. Qg3 Qh5 24. Ne4 f5 25. Nxd2 exd2 26. Bd5+ Kg7 27. Qc3+ 1-0

[Event "Quebec op"]
[Site "Montreal CAN"]
[Date "2004.07.21"]
[Round "6"]
[White "Robichaud, Louis"]
[Black "Laframboise, Marc-Andre"]
[Result "1/2-1/2"]
[WhiteElo "2054"]
[BlackElo "2215"]
[PlyCount "100"]
[GameId "2160767911095101"]
[EventDate "2004.07.17"]
[EventType "swiss"]
[EventRounds "9"]
[EventCountry "CAN"]
[SourceTitle "CBM 101 Extra"]
[Source "ChessBase"]
[SourceDate "2004.09.01"]
[SourceVersion "2"]
[SourceVersionDate "2004.09.01"]
[SourceQuality "1"]

1. e4 c5 2. Nc3 Nc6 3. g3 g6 4. Bg2 Bg7 5. d3 d6 6. f4 e6 7. Nf3 Nge7 8. O-O O-O 9. Be3 b6 10. d4 Ba6 11. Re1 cxd4 12. Nxd4 Na5 13. f5 e5 14. Ndb5 d5 15. f6 Bxf6 16. Qf3 Bg7 17. exd5 Nf5 18. Rad1 Nxe3 19. Qxe3 Qd7 20. Bf1 Rac8 21. b3 f5 22. a4 Rce8 23. Nd6 f4 24. gxf4 Qxd6 25. Bxa6 exf4 26. Qxe8 Qc5+ 27. Kh1 Rxe8 28. Rxe8+ Kf7 29. Ne4 Qxc2 30. Nd6+ Kf6 31. Rg1 Bh6 32. Re6+ Kg7 33. Re2 Qxb3 34. Nf5+ Kf6 35. Nxh6 Qxd5+ 36. Reg2 g5 37. Ng4+ Kf7 38. Be2 h5 39. Bf3 Qe6 40. Re2 Qb3 41. Ne5+ Kf6 42. Bxh5 Nc6 43. Nf3 Qxa4 44. Nxg5 Ne5 45. Nh7+ Ke6 46. Rge1 Qc6+ 47. Kg1 Qc5+ 48. Kf1 Qb5 49. Kf2 Qc5+ 50. Kg2 Qd5+ 1/2-1/2

[Event "Quebec op"]
[Site "Montreal CAN"]
[Date "2004.07.21"]
[Round "6"]
[White "Robidas, Francois"]
[Black "Anastasovski, Nikola"]
[Result "0-1"]
[WhiteElo "1959"]
[BlackElo "2088"]
[PlyCount "86"]
[GameId "2160767911095102"]
[EventDate "2004.07.17"]
[EventType "swiss"]
[EventRounds "9"]
[EventCountry "CAN"]
[SourceTitle "CBM 101 Extra"]
[Source "ChessBase"]
[SourceDate "2004.09.01"]
[SourceVersion "2"]
[SourceVersionDate "2004.09.01"]
[SourceQuality "1"]

1. e4 e5 2. Nf3 Nc6 3. Bb5 f5 4. Nc3 Nf6 5. Qe2 Bb4 6. exf5 Bxc3 7. bxc3 e4 8. Ba3 d6 9. Nd4 Bd7 10. Ne6 Bxe6 11. fxe6 O-O 12. d4 Ne7 13. O-O c6 14. Bc4 d5 15. Bb3 b5 16. f3 a5 17. Bxe7 Qxe7 18. a4 bxa4 19. Rxa4 Qxe6 20. c4 Rfe8 21. cxd5 cxd5 22. Re1 Kh8 23. fxe4 Nxe4 24. Qb5 Qf5 25. Rf1 Qg5 26. Re1 Qf4 27. Qf1 Qg5 28. Qb5 Nf6 29. Raa1 Qd2 30. Red1 Qe3+ 31. Kh1 Ne4 32. Rf1 Ng3+ 33. hxg3 Re6 34. Rf4 Qxg3 35. Raf1 Rh6+ 36. Kg1 Qh2+ 37. Kf2 Qxf4+ 38. Ke2 Re6+ 39. Kd1 Qxd4+ 40. Kc1 Rd6 41. Rd1 Qe3+ 42. Kb1 a4 43. Qb7 Rdd8 0-1

[Event "Quebec op"]
[Site "Montreal CAN"]
[Date "2004.07.21"]
[Round "6"]
[White "Rousseau, Daniel"]
[Black "Michaud, Gerald"]
[Result "1/2-1/2"]
[WhiteElo "2125"]
[BlackElo "1973"]
[PlyCount "38"]
[GameId "2160767911095103"]
[EventDate "2004.07.17"]
[EventType "swiss"]
[EventRounds "9"]
[EventCountry "CAN"]
[SourceTitle "hb 2011"]

1. e4 e6 2. d4 d5 3. Nc3 Bb4 4. e5 c5 5. a3 Bxc3+ 6. bxc3 Qa5 7. Qd2 Nc6 8. Nf3 Qa4 9. Bd3 c4 10. Be2 h6 11. h4 Bd7 12. O-O Nge7 13. Ra2 O-O-O 14. Qe1 Rdf8 15. Bf4 a6 16. Qa1 Na7 17. Rb1 Nec6 18. Nd2 Nb5 19. Rb4 Nxb4 1/2-1/2

[Event "Quebec op"]
[Site "Montreal CAN"]
[Date "2004.07.21"]
[Round "6"]
[White "Tremblay, Alain"]
[Black "Malette, Martin"]
[Result "0-1"]
[WhiteElo "2179"]
[BlackElo "2039"]
[PlyCount "96"]
[GameId "2160767911095104"]
[EventDate "2004.07.17"]
[EventType "swiss"]
[EventRounds "9"]
[EventCountry "CAN"]
[SourceTitle "CBM 101 Extra"]
[Source "ChessBase"]
[SourceDate "2004.09.01"]
[SourceVersion "2"]
[SourceVersionDate "2004.09.01"]
[SourceQuality "1"]

1. c4 Nf6 2. Nf3 g6 3. Nc3 d5 4. d4 Bg7 5. e3 O-O 6. Be2 Na6 7. O-O c5 8. cxd5 Nxd5 9. e4 Nxc3 10. bxc3 Qc7 11. Be3 Rd8 12. Qa4 Bd7 13. Qa3 cxd4 14. cxd4 Bg4 15. Rac1 Qd7 16. Rfd1 Bxf3 17. Bxf3 Nc7 18. d5 Nb5 19. Qb3 Rac8 20. Qa4 Nc3 21. Qxd7 Rxd7 22. Bg4 f5 23. exf5 h5 24. Bf3 Rdc7 25. Re1 gxf5 26. h4 Bf6 27. g3 Kg7 28. a3 Kg6 29. Kg2 b6 30. Bf4 Rc5 31. d6 e5 32. Be3 e4 33. Bd1 Rd5 34. Bf4 Rd8 35. Bb3 Rb5 36. Bc4 Ra5 37. Re3 Rxa3 38. Bg5 Bxg5 39. hxg5 Na2 40. Rxa3 Nxc1 41. f4 exf3+ 42. Kxf3 Rxd6 43. Rc3 Rd1 44. Kf4 Re1 45. Rc2 a5 46. Bb5 Re4+ 47. Kf3 Nb3 48. Rc3 Kxg5 0-1

[Event "Quebec op"]
[Site "Montreal CAN"]
[Date "2004.07.21"]
[Round "6"]
[White "Trinh, Tri Bao"]
[Black "Dumouchel, Alain"]
[Result "0-1"]
[WhiteElo "2017"]
[BlackElo "2101"]
[PlyCount "58"]
[GameId "2160767911095105"]
[EventDate "2004.07.17"]
[EventType "swiss"]
[EventRounds "9"]
[EventCountry "CAN"]
[SourceTitle "CBM 101 Extra"]
[Source "ChessBase"]
[SourceDate "2004.09.01"]
[SourceVersion "2"]
[SourceVersionDate "2004.09.01"]
[SourceQuality "1"]

1. e4 e5 2. Nf3 Nc6 3. d4 exd4 4. Bc4 Nf6 5. O-O Nxe4 6. Re1 d5 7. Bxd5 Qxd5 8. Nc3 Qa5 9. Nxe4 Be6 10. Bd2 Qd5 11. Bg5 Be7 12. Bxe7 Kxe7 13. Qd2 Rad8 14. Qf4 Kd7 15. c4 Qf5 16. Qd2 Kc8 17. Ng3 Qa5 18. Qxa5 Nxa5 19. b3 d3 20. Rad1 Nc6 21. Re3 Nb4 22. a4 Bg4 23. h3 Bxf3 24. Rxf3 Rd7 25. Nf1 Re8 26. Re3 Rde7 27. Rde1 Kd7 28. f3 Rxe3 29. Rxe3 d2 0-1